Estatísticas para Maiores Cidades do Rio Grande do Sul

Clique aqui para jogar o quiz

Estatísticas Gerais

  • Esse quiz foi jogado 3 409 vezes
  • A pontuação média é 12 de 25

Respostas no mapa

Respostas codificadas por cores de uma escala verde-vermelha no mapa do quiz de acordo com a % correta abaixo.
 

Estatísticas das Respostas

PopulaçãoCidade% Correto
1.488.250Porto Alegre
99%
498.260Caxias do Sul
79%
320.050Pelotas
75%
269.890Santa Maria
68%
118.750Uruguaiana
64%
242.750Novo Hamburgo
63%
348.210Canoas
61%
203.580Rio Grande
58%
199.510Passo Fundo
50%
101.570Bagé
48%
237.700São Leopoldo
47%
114.460Bento Gonçalves
46%
100.490Erechim
46%
240.840Viamão
44%
270.130Gravataí
39%
96.030Guaíba
35%
116.730Santa Cruz do Sul
35%
211.350Alvorada
34%
131.240Cachoeirinha
32%
75.950Ijuí
32%
83.160Esteio
30%
84.720Lajeado
30%
141.280Sapucaia do Sul
29%
73.020Santo Ângelo
26%
77.160Sapiranga
17%

Distribuição das Pontuações

Percentil de Números Respondidos

Porcentagem de Pessoas com Cada Pontuação

Sua Pontuação Histórica

Você não jogou esse quiz